000
00448nam a2200181Ia 4500
008
100917s9999 xx 000 0 und d
082
_b
24654
100
_a
गाडगीळ बाळ
245
_a
फिरकी
260
_b
मेनका प्रकाशन
_c
1975
300
_a
147
365
_b
10
520
_a
कथा
630
_a
फिरकी
650
_a
कथा
730
_a
फिरकी
942
_c
BOOK
999
_c
630048
_d
630045